Chronicles of the Crusades / Joinville & Villehardouin ; translated with an introduction by M.R.B. Shaw.

Bibliographic Details
Main Author: Shaw, Margaret R. B. (Margaret Renée Bryers)
Other Authors: Villehardouin, Geoffroi de, -approximately 1212, Joinville, Jean, sire de, 1224?-1317?
Format: Book
Language:English
Published: Harmondsworth, England ; Baltimore, Md : Penguin Books, [1963]
Series:Penguin classics.
Subjects:

MARC

Tag First Indicator Second Indicator Subfields
LEADER 00000cam a2200000 a 4500
001 in00000097623
005 20150924085317.0
008 721012s1976 enkb 00000 engm
010 |a  63005725  
035 |a (OCoLC)00426563 
035 |9 AAK9247AM 
040 |a DLC  |c WOO  |d OCL  |d TXA  |d UtOrBLW 
041 1 |a eng  |h fre 
049 |a TXAM  |c [1654091] 
050 0 0 |a D151  |b .S5 
082 0 |a 940.18 
090 |a D151  |b .S5 1976 
100 1 |a Shaw, Margaret R. B.  |q (Margaret Renée Bryers) 
245 1 0 |a Chronicles of the Crusades / Joinville & Villehardouin ; translated with an introduction by M.R.B. Shaw. 
264 1 |a Harmondsworth, England ;  |a Baltimore, Md :  |b Penguin Books,  |c [1963] 
264 3 |c 1976 printing 
264 4 |c ©1963 
300 |a 362 pages :  |b maps. ;  |c 18 cm. 
336 |a text  |b txt  |2 rdacontent 
337 |a unmediated  |b n  |2 rdamedia 
338 |a volume  |b nc  |2 rdacarrier 
490 1 |a The Penguin classics,  |v L124 
505 0 |a The conquest of Constantinople / Villehardouin. -- The life of Saint Louis / Joinville. 
650 0 |a Crusades. 
700 1 2 |a Villehardouin, Geoffroi de,  |d -approximately 1212.  |t Conquest of Constantinople. 
700 1 2 |a Joinville, Jean,  |c sire de,  |d 1224?-1317?  |t Life of Saint Louis. 
740 4 |a The conquest of Constantinople. 
740 4 |a The life of Saint Louis. 
830 0 |a Penguin classics. 
999 |a MARS 
999 f f |s df467686-2ce8-397f-a92f-bce374519818  |i 96007cd8-eab5-3581-8f2e-b491887b69f0  |t 0 
952 f f |p ric  |a Texas A&M University  |b Rellis Campus  |c Joint Library Facility  |d Remote Storage  |t 0  |e D151 .S5 1976  |h Library of Congress classification  |i unmediated -- volume  |m A14806017191 
998 f f |a D151 .S5 1976  |t 0  |l Remote Storage